| 000 | 00487nam a2200169Ia 4500 | ||
|---|---|---|---|
| 008 | 230917s9999||||xx |||||||||||||| ||und|| | ||
| 020 | _cRS695 | ||
| 040 |
_e227030 _aMAIN |
||
| 041 | _aEnglish | ||
| 082 | _a301.412 R188W | ||
| 100 | _aRathee, Manjeet | ||
| 245 | 0 | _aWomen media and society: Issues of survival and representation | |
| 260 |
_aNew Delhi _bAlfa Publications _c2013 |
||
| 300 | _axvi,227 p. | ||
| 500 | _a2062 20/07/2015 HBD15/6435 22/07/2015 Main Budget | ||
| 942 | _cBK | ||
| 999 |
_c15361 _d15361 |
||